|
|
|
|
| LEADER |
00000nam a2200000Ii 4500 |
| 001 |
DIGPUZ0687 |
| 003 |
NyNyDIG |
| 007 |
cr ||||||||||| |
| 008 |
200316s2019 sp a ob 000 0 spa d |
| 006 |
m o d |
| 035 |
|
|
|a (OCoLC)1120209192
|
| 040 |
|
|
|a DGITA
|b eng
|e rda
|e pn
|c DGITA
|
| 020 |
|
|
|a 9788417873011
|q (eBook ;
|q pdf)
|
| 020 |
|
|
|a 8417873015
|q (eBook ;
|q pdf)
|
| 020 |
|
|
|z 9788417873004
|
| 020 |
|
|
|z 8417873007
|
| 043 |
|
|
|a ff-----
|
| 050 |
1 |
4 |
|a BF1591 ebook
|
| 082 |
1 |
4 |
|a 133.430937
|
| 100 |
1 |
|
|a Marco Simón, Francisco,
|e author.
|
| 245 |
1 |
4 |
|a Los contextos de la magia en el imperio romano :
|b incertidumbre, ansiedad y miedo /
|c Francisco Marco Simón.
|
| 250 |
|
|
|a 1a edición.
|
| 264 |
|
1 |
|a Zaragoza, España :
|b Prensas de la Universidad de Zaragoza,
|c 2019.
|
| 300 |
|
|
|a 1 online resource :
|b color illustrations.
|
| 336 |
|
|
|a text
|b txt
|2 rdacontent
|
| 337 |
|
|
|a computer
|b c
|2 rdamedia
|
| 338 |
|
|
|a online resource
|b cr
|2 rdacarrier
|
| 347 |
|
|
|a text file
|2 rdaft
|
| 347 |
|
|
|b PDF
|
| 490 |
1 |
|
|a Colección Paraninfo. San Braulio 2019
|
| 504 |
|
|
|a Includes bibliographical references.
|
| 588 |
0 |
|
|a Online resource; title from PDF title page (Digitalia, viewed March 16, 2020)
|
| 650 |
|
0 |
|a Magic, Roman.
|
| 650 |
|
0 |
|a Magic, Ancient.
|
| 650 |
|
0 |
|a Cults
|z Rome.
|
| 651 |
|
0 |
|a Rome
|x Religion.
|
| 655 |
|
0 |
|a Electronic books.
|
| 791 |
2 |
|
|a Digitalia (Firm),
|e distributor.
|
| 793 |
0 |
|
|g Digitalia eBook Collection:
|a Prensas Universitarias de Zaragoza
|
| 776 |
0 |
8 |
|i Print version:
|a Marco Simón, Francisco.
|t Contextos de la magia en el imperio romano.
|b 1a edición.
|d Zaragoza, España : Prensas de la Universidad de Zaragoza, 2019
|z 9788417873004
|w (OCoLC)1101376711
|
| 830 |
|
0 |
|a Colección Paraninfo (Zaragoza, Spain)
|
| 856 |
4 |
0 |
|3 Digitalia Hispánica
|u https://www.digitaliapublishing.com/a/59287/
|
| 910 |
|
|
|a Premium collection: 2020
|